000
00313nam a22001337a 4500
008
170619b xxu||||| |||| 00| 0 eng d
020
_a
2900199250232
041
_a
eng
080
_a
94
100
_a
16
101
_a
SHH
245
_a
SOCIABILITY AND POWER IN LATE-STUART ENGLAND
_c
WHYMAN,S.E
942
_2
udc
_c
BK
999
_c
18062
_d
18062